000
00346nam a2200145Ia 4500
100
_a
Taylor /F.J.
650
_a
Electrical Engineering
942
_c
BK
654
_a
Signals & structures
245
_a
Principles of Signals & Structures
260
_b
Mc Graw Hill
_a
New York
_c
1994
082
_a
621.3822
546
_a
ENGLISH
999
_c
30919
_d
30919